| 000 | nam a22 a 4500 | ||
|---|---|---|---|
| 999 |
_c1654 _d1654 |
||
| 003 | AKMAL | ||
| 005 | 20170511120344.0 | ||
| 008 | 170511s2003 my e bi 001 may d | ||
| 020 |
_a9676113700 (kkt.) : _cRM36.00 |
||
| 040 | _aAKMAL | ||
| 082 | 0 | 4 | _a330.9595 OKP |
| 090 | 0 | 0 |
_a330.9595 _bOKP |
| 100 | 1 |
_aOkposin, Samuel Bassey _93373 |
|
| 245 | 1 | 0 |
_aPerubahan fasa ekonomi Malaysia / _cSamuel Bassey Okposin, Abdul Halim Abdul Hamid, Ong Hway Boon ; penterjemah Onn Mohd Jadi, Zaleha Abu Bakar |
| 260 |
_aKuala Lumpur : _bUtusan Publications & Distributors , _c2003 |
||
| 300 | 0 | 0 |
_axxii, 280ms. : _bil. ; _c25cm. |
| 500 | _aMengandungi indeks | ||
| 500 | _aKoleksi Peribadi YABhg. Tun Ahmad Sarji (2100272, 2100273) | ||
| 504 | _aBibliografi: ms. 270-279 | ||
| 650 | 0 |
_aIndustrialization _zMalaysia _93374 |
|
| 650 | 0 |
_aPrivatization _zMalaysia _93375 |
|
| 651 | 0 |
_aMalaysia _xEconomic conditions _963 |
|
| 700 | 0 |
_aAbdul Halim Abdul Hamid _93376 |
|
| 700 | 1 |
_aOng, Hway Boon _93377 |
|
| 700 | 0 |
_aOnn Mohd Jadi _93378 |
|
| 700 | 0 |
_aZaleha Abu Bakar _93379 |
|
| 942 |
_2ddc _cBOOK |
||